000
00217nam a2200097Ia 4500
005
20251222114345.0
008
251222s1900||||xx |||||||||||||| ||spa||
082
_a
DVD0070/C77/2009
245
0
_a
Crazy Heart:
942
_c
DVD
999
_c
1000
_d
1000